000 01465nam a2200325 a 4500
001 vtls001589281
003 NLI
005 20240801134508.0
008 121214s1981 ii 000 0burd
020 _cRs. 100.00
040 _aNLI
_burdeng
_cDatasoft_Urdu
_eAACR2
041 0 _aurd
044 _a ii
082 0 4 _aU 928.91431 Mu 598 nn
100 1 _6880-01
_aنذیر نیازی، سید Sayyid Nazeer Niazi
_9695755
245 1 0 _6880-02
_aاقبال کے حضور / Iqbal ke huzoor: Nashisteen aur guftugueen: Ek bayaz yaddasht, v.1, Jan to Mar, 1938
_cسید نذیر نیازی Sayyid Nazeer Niazi
250 _a2nd ed.
260 _aLahore (Pakistan)
_bIqbal Academy Pakistan
_c1981
300 _b487 p. ;
_g24cm.
600 _aMuhammad Iqbal, Dr. Sir.
_d1877-1938
_vPoets, Urdu \ Intellectual life \ 20th century \ British (India) \ History
_91551027
650 0 _xMuslim intellectual \ 20th century \ British (India) \ History
_vAuthors, Urdu \ Intellectual life \ 20th century \ British (India) \ History
_91551028
880 1 0 _6245-02(B
_aاقبال کے حضور / Iqbal ke huzoor: Nashisteen aur guftugueen: Ek bayaz yaddasht, v.1, Jan to Mar, 1938
_cSayyid Nazīr Neyāzī
880 1 _6100-01(B
_aNazīr Neyāzī, Sayyid
887 _aIrfan Khan
901 _a14865
_b04.08.1988
902 _aU 928.91431 Mu 598 nn
904 _cRashid(30.07.2012) Shahid(06.06.2012)
_lU11130
942 _00
_aNLI
_2ddc
_cBKS
949 _6DBA000014865URD
999 _c1040586
_d1040586